Lana del Rey - Une lettre, une chanson - Statistiques

Statistiques générales
  • Ce quiz a été pris 405 fois
  • Le résultat moyen est 12 sur 24
Statistiques - réponses
Lettres Chansons % Correct
B Bartender / Beautiful / Beautiful People Beautiful Problems / Bel Air / Black Bathing Suit / The Blackest Day / Black Beauty / Blue Banisters / Bluebird / Blue Jeans / Blue Skies / Blue Velvet / Body Electric / Born to Die / Breaking Up Slowly / Brite Lites / Brooklyn Baby / Burning Desire / Burnt Norton (Interlude) /
90%
S Sad Girl / Salvatore / Say Yes to Heaven / Season of the Witch / Shades of Cool / Smarty / Summer Bummer / Summertime The Gershwin Version / Summertime Sadness / Sweet / Sweet Carolina / Swan Song
85%
C California / Candy Necklace / Carmen / Change / Chemtrails Over The Country Club / Cherry / Cherry Blossom / Coachella – Woodstock in My Mind / Cola Cruel World
72%
D Dance Till We Die / Dark But Just A Game / Dark Paradise / Dealer / Did you know that there's a tunnel under Ocean Blvd / Diet Mountain Dew / Doin' Time / Don't Let Me Be Misunderstood /
69%
L Let Me Love You like A Woman / Let The Light In / Living Legend / Lolita / Looking for America / Love / Love Song / Lucky Ones / Lust for Life
69%
V Venice Bitch / Video Games / Violets for Roses
69%
Y Yayo / Yosemite / Young & Beautiful
68%
A A&W / American / Arcadia /Art Deco
63%
H Happiness Is a Butterfly / Henry, come on / Heroin / High by the Beach / Honeymoon / Hope Is a Dangerous Thing for a Woman like Me to Have – but I Have It / How to Disappear
60%
W Watercolor Eyes / West Coast / When the World Was at War We Kept Dancing / White Dress / White Mustang / Wild At Heart / Wildflower Wildfire / Without You
59%
R Radio / Raise Me Up (Mississippi South) / Religion / Ride
56%
F Fingertips / First Light / Fishtail / Flipside / Florida Kilos / For Free / For K Part 2 / Freak / Fucked My Way Up to the Top / Fuck It I Love You
55%
M Margaret / Mariners Apartment Complex / Mermaid Motel / Million Dollar Man / Money Power Glory / Music to Watch Boys to
55%
N National Anthem / Nectar of the Gods / The Next Best American Record / Norman Fucking Rockwell / Not All Who Wander Are Lost
54%
U Ultraviolence
52%
P Paris, Texas / Pawn Shop Blues / Peppers / Pretty When You Cry / Put Me In a Movie
52%
G Get Free / God Knows I Tried / Gods & Monsters / God Bless America – and All the Beautiful Women in It / Gramma (Blue Ribbon Sparkler Trailer Heaven) / Grandfather please stand on the shoulders of my father while he's deep-sea fishing / The Grants / The Greatest / Groupie Love / Guns & Roses
46%
T Taco Truck x VB / Take me Home, Country Roads / Terrence Loves You / Text Book / This Is What Makes Us Girls / Thunder / Tomorrow Never Came / Interlude - The Trio / Tulsa Jesus Freak
45%
O Off To The Races / Oh Say You Can See / Old Money / Once Upon a Dream / The Other Woman
44%
Chiffres 13 Beaches / 24
30%
I If You Lie Down With Me / In My Feelings / Is This Happiness
25%
K Kill Kill / Kintsugi
18%
J Jon Batiste Interlude / Judah Smith Interlude / Jump
8%
Q Queen of the Gas Station
2%
Aucun quiz correspondant
Distribution des résultats
% des personnes avec chaque résultat
Percentile par nombre de réponses
Votre historique - résultats
Vous n’avez pas pris ce quiz